Applied cryptography: Protocols, Algorithms and source code in C (Record no. 13495)

MARC details
000 -LEADER
fixed length control field 00509nam a2200181Ia 4500
008 - FIXED-LENGTH DATA ELEMENTS--GENERAL INFORMATION
fixed length control field 230917s9999||||xx |||||||||||||| ||und||
020 ## - ISBN
Price RS689
040 ## - CATALOGING SOURCE
-- 222345
Original cataloging agency VIVEKANANDA LIBRARY
041 ## - Language
-- English
082 ## - DDC NUMBER
Classification number 005.82 S82A(2)
100 ## - MAIN ENTRY--PERSONAL NAME
Personal name Schneier, Bruice
245 #0 - TITLE STATEMENT
Title Applied cryptography: Protocols, Algorithms and source code in C
250 ## - EDITION STATEMENT
Edition statement 2nd ed.
260 ## - PUBLICATION, DISTRIBUTION, ETC. (IMPRINT)
Place of publication, distribution, etc New Delhi
Name of publisher, distributor, etc Wiley India
Date of publication, distribution, etc 2013
300 ## - PHYSICAL DESCRIPTION
Pages xxiii, 758 p.
500 ## - GENERAL NOTE
General note 1812 09/01/2015 HBD6390 13/03/2015 Main Budget
942 ## - ADDED ENTRY ELEMENTS (KOHA)
Koha item type Books
Holdings
Withdrawn status Lost status Damaged status Not for loan Location (home branch) Sublocation or collection (holding branch) Date acquired Koha issues (times borrowed) Koha full call number Accession No. Koha date last seen Koha item type
        VIVEKANANDA LIBRARY VIVEKANANDA LIBRARY 09/04/2015   005.82 S82A(2) 348672 17/09/2023 Books
        VIVEKANANDA LIBRARY VIVEKANANDA LIBRARY 09/04/2015   005.82 S82A(2) 348673 17/09/2023 Books
        VIVEKANANDA LIBRARY VIVEKANANDA LIBRARY 09/04/2015   005.82 S82A(2) 348674 17/09/2023 Books
        VIVEKANANDA LIBRARY VIVEKANANDA LIBRARY 09/04/2015   005.82 S82A(2) 348675 17/09/2023 Books
        VIVEKANANDA LIBRARY VIVEKANANDA LIBRARY 09/04/2015   005.82 S82A(2) 348676 17/09/2023 Books
© Designed and Maintained by Vivekananda Library, MDU Rohtak